000 00540nam a2200169 i 4500
001 28959
003 ES-MaACL
005 20230906153946.0
007 t|
008 030120s1968 sp ||||1| spa d
100 1 _aBalthasar, Hans Urs von.
_925129
245 1 0 _aSeriedad con las cosas
_b: córdula o el caso auténtico /
_cHans Urs von Balthasar ; [tradujo Daniel Ruiz Bueno].
260 _aSalamanca :
_bSígueme,
_c1968.
300 _a141 p. ;
_c19 cm.
700 1 _aRuiz Bueno, Daniel.
_9100677
852 _aES-MaACL
_jC-33842
_bR.65063
999 _c28959
_d28959